000 00623cab a2200205 4500
001 WB2631-54
008 090401t1990 xxu||||| |||| 00| 0 eng d
035 _a(Sirsi) u35930
041 _aeng
245 _aIrrigation ban in East Anglia
260 _c1990
350 _a0
490 _aTimes
_v8/8/90 p20 Financial Times 8/8/90 p24
520 _aThe National Rivers Authority has banned farmers in East Anglia from using river water to irrigate land, in an effort to conserve water in the current drought .
650 _aFARMLAND
650 _aIRRIGATION
690 _aWATER
942 _n0
948 _c04/03/1997
999 _c23478
_d23478